| 000 | 00771nam a2200181Ia 4500 | ||
|---|---|---|---|
| 008 | 090711s9999 xx 000 0 und d | ||
| 082 | _b77169 | ||
| 100 | _aपालखीवाला नानी ए. | ||
| 245 | _aवुई दि नेशन वाया गेलेली वर्षे | ||
| 260 |
_bमहेता पब्लिकेशन हाऊस _c1995 |
||
| 300 | _a297 | ||
| 600 | _aपालखीवाला नानी ए. | ||
| 630 | _aवुई दि नेशन वाया गेलेली वर्षे | ||
| 700 | _aवाळिंबे वि. स. | ||
| 700 | _aपालखीवाला नानी ए. | ||
| 730 | _aवुई दि नेशन वाया गेलेली वर्षे | ||
| 942 | _cBOOK | ||
| 999 |
_c327237 _d327237 |
||